| 000 | 00472nam a22001577a 4500 | ||
|---|---|---|---|
| 020 |
_a978-0-9802327-7-6 _qHard Cover. |
||
| 040 | _cSINES-NUST. | ||
| 082 |
_25th ed. _a512.5-STR _b |
||
| 100 |
_aGILBERT STRANG. _910675 |
||
| 245 |
_aIntroduction to Linear Algebra / _cStrang, Gilbert |
||
| 250 | _a5th. ed. | ||
| 260 |
_aUnited State of America: _bWellesley-Cambridge Press, _c2016. |
||
| 300 |
_a574 p. : _bill. ; _c40 cm. |
||
| 650 | _2Mathematics. | ||
| 942 |
_2ddc _cTEXT |
||
| 999 |
_c589209 _d589209 |
||